|
|
|
|
| LEADER |
00000nam a2200000 a 4500 |
| 001 |
UCS0121 |
| 003 |
CL-VaPUC |
| 008 |
970418e19550000SP |||||||||||||||||spa|d |
| 082 |
0 |
4 |
|a 345.04
|b CON
|2 21
|
| 100 |
0 |
|
|a Conde-Pumpido Ferreiro, Cándido
|e author
|9 383237
|
| 245 |
1 |
0 |
|a Encubrimiento y receptación: ley de 9 de mayo de 1950
|
| 300 |
|
|
|a 347 p
|
| 942 |
|
|
|c BK
|
| 945 |
|
|
|d 19970418 00:00:00
|a cmena
|
| 260 |
|
|
|a Barcelona
|b Bosch
|c 1955
|
| 650 |
|
7 |
|a PARTICIPACION CRIMINAL
|2 CL-VaPUC
|9 383238
|
| 650 |
|
7 |
|a ENCUBRIMIENTO
|2 CL-VaPUC
|9 383239
|
| 650 |
|
0 |
|a Delitos
|9 224143
|
| 650 |
|
7 |
|a RESPONSABILIDAD CIVIL
|2 CL-VaPUC
|9 383240
|
| 650 |
|
7 |
|a DERECHO PENAL
|2 CL-VaPUC
|9 11
|
| 651 |
|
0 |
|a España
|9 254926
|
| 583 |
|
|
|a last modification
|c 19970418 00:00:00
|k Rodrigo Vera
|
| 999 |
|
|
|c 258367
|d 258365
|
| 952 |
|
|
|0 0
|1 0
|4 0
|6 345_040000000000000_CON_1955
|7 0
|8 A
|9 282408
|a BIBDER
|b BIBDER
|d 2019-11-19
|i 183505K
|o 345.04 CON 1955
|p 183505K
|r 2023-01-25
|w 2019-11-19
|y BK
|k DER
|